|
|
|
|
| LEADER |
00000naa2a2200000 4500 |
| 001 |
196194 |
| 005 |
20240207100454.0 |
| 035 |
|
|
|a (RuTPU)RU\TPU\book\214035
|
| 090 |
|
|
|a 196194
|
| 100 |
|
|
|a 20110519d2009 k y0rusy50 ca
|
| 101 |
0 |
|
|a rus
|
| 102 |
|
|
|a RU
|
| 200 |
1 |
|
|a Моделирование показателей качества асинхронных двигателей при изменении электромагнитных нагрузок
|f Т. В. Усачева, О. О. Муравлева
|
| 320 |
|
|
|a Библиогр.: 1 назв.
|
| 463 |
|
0 |
|0 (RuTPU)RU\TPU\book\208678
|t Электромеханические преобразователи энергии
|o материалы IV Международной научно-технической конференции, 13-16 октября 2009 г., Томск
|f Российский фонд фундаментальных исследований (РФФИ) ; Томская область, Администрация ; Томский политехнический университет
|v С. 78-80
|d 2009
|p 556 с.
|
| 610 |
1 |
|
|a асинхронные двигатели
|
| 610 |
1 |
|
|a моделирование
|
| 610 |
1 |
|
|a качество
|
| 610 |
1 |
|
|a электромагнитные нагрузки
|
| 610 |
1 |
|
|a структурные схемы
|
| 610 |
1 |
|
|a труды учёных ТПУ
|
| 700 |
|
1 |
|a Усачева
|b Т. В.
|c специалист в области электротехники
|c доцент Томского политехнического университета, кандидат технических наук
|f 1976-
|g Татьяна Владимировна
|3 (RuTPU)RU\TPU\pers\26688
|9 12346
|
| 701 |
|
1 |
|a Муравлева
|b О. О.
|c специалист в области электротехники
|c доцент Томского политехнического университета, кандидат технических наук
|f 1968-
|g Ольга Олеговна
|3 (RuTPU)RU\TPU\pers\26459
|9 12162
|
| 801 |
|
1 |
|a RU
|b 63413507
|c 20110519
|
| 942 |
|
|
|c BK
|